| 000 | 00700nam a2200193Ia 4500 | ||
|---|---|---|---|
| 003 | OSt | ||
| 005 | 20251113114144.0 | ||
| 008 | 210210b2017 xxu||||| |||| 00| 0 eng d | ||
| 040 | _cAL | ||
| 041 | _aKannada | ||
| 082 | _aK894.3 SURK | ||
| 100 |
_aSUREKHA KULAKARNI _dಸುರೇಖಾ ಕುಲಕರ್ಣಿ _9245370 |
||
| 245 |
_aKadambarikarana kadambari: Galalaganathara jivana adharita kadambari _bಕಾದಂಬರಿಕಾರನ ಕಾದಂಬರಿ: ಗಳಗನಾಥರು ಜೀವನ ಆಧಾರಿತ ಕಾದಂಬರಿ |
||
| 260 |
_aDharavada _bManohara Grantha Mala _c2017 |
||
| 300 | _avii,333 | ||
| 690 |
_aKannada Fiction _9245376 |
||
| 906 | _a072218 | ||
| 942 |
_2ddc _cBK |
||
| 999 |
_c122159 _d122159 |
||